| 000 | 01061cam a22002297i 4500 | ||
|---|---|---|---|
| 001 | 125517 | ||
| 003 | ES-MaACL | ||
| 005 | 20251009165406.0 | ||
| 007 | t| | ||
| 008 | 070615m19261934sp ||||0| spa d | ||
| 080 | _a913(100) | ||
| 100 | 1 |
_aVidal de La Blache, Paul. _9114479 |
|
| 245 | 1 | 0 |
_aCurso de geografía / _cP. Vidal de la Blache y P. Camena d'Almeida ; adaptado a las necesidades de España y América por Antonio Blázquez. |
| 260 |
_aBarcelona : _b[s.n.], _c1926-1934 ( _eSucesores de Juan Gili) |
||
| 300 |
_a6 v : _bil., mapas ; _c19 cm. |
||
| 505 | 8 | _aContiene: 1. La tierra, geografía general (639 p.) - 2. Europa (512 p.) - 3. Península ibérica (618 p.) - 4. Asia, India insular, África (534 p.) - 5. América septentrional, América central, Las Antillas (531 p.) - 6. América meridional, Oceanía (660 p.) | |
| 650 | 7 |
_aGeografía _2embne _913070 |
|
| 700 | 1 |
_aCamena d'Almeida, Pierre, _d1865-1943 _934052 |
|
| 700 | 1 |
_aBlázquez, Antonio, _d1859-1950 _929437 |
|
| 852 |
_aES-MaACL _jB-9166-71 |
||
| 999 |
_c125517 _d125517 |
||